US Cities by Letter - H - Statistics

General Stats
  • This quiz has been taken 109 times
  • The average score is 5 of 7
Answer Stats
Population State Answer % Correct
4,944,332 TX Houston
100%
802,459 HI Honolulu
99%
924,859 CT Hartford
95%
444,474 PA Harrisburg
85%
286,892 AL Huntsville
63%
202,637 WV Huntington
41%
212,195 NC Hickory
4%
No matching quizzes found
Score Distribution
Percent of People with Each Score
Percentile by Number Answered
Your Score History
You have not taken this quiz